<?xml version="1.0" encoding="UTF-8"?>
<record
    xmlns:xsi="http://www.w3.org/2001/XMLSchema-instance"
    xsi:schemaLocation="http://www.loc.gov/MARC21/slim http://www.loc.gov/standards/marcxml/schema/MARC21slim.xsd"
    xmlns="http://www.loc.gov/MARC21/slim">

  <leader>03366nam a2200337 a 4500</leader>
  <controlfield tag="003">OSt</controlfield>
  <controlfield tag="005">20250424110542.0</controlfield>
  <controlfield tag="007">cr ||||||a|c|a</controlfield>
  <controlfield tag="008">250226s2024    mx a|||fom||| 001 0 spa d</controlfield>
  <datafield tag="040" ind1=" " ind2=" ">
    <subfield code="e">rda</subfield>
  </datafield>
  <datafield tag="100" ind1="1" ind2=" ">
    <subfield code="a">V&#xE1;zquez Hern&#xE1;ndez, Javier</subfield>
    <subfield code="9">190188</subfield>
  </datafield>
  <datafield tag="245" ind1="1" ind2="0">
    <subfield code="a">Actividades de manejo sanitario de los productores de bovinos en el Sureste de M&#xE9;xico /</subfield>
    <subfield code="c">por Javier V&#xE1;zquez Hern&#xE1;ndez; director de tesis Fleider Leiser Pe&#xF1;a Escalona; secretario Roberto Gonz&#xE1;lez Gardu&#xF1;o; vocal Alvar Alonzo Cruz Tamayo; suplente Carmen C&#xF3;rdova P&#xE9;rez; suplente Francisco Reyes Montes.</subfield>
  </datafield>
  <datafield tag="264" ind1=" " ind2="1">
    <subfield code="a">Tabasco, M&#xE9;xico :</subfield>
    <subfield code="b">El autor,</subfield>
    <subfield code="c">2024.</subfield>
  </datafield>
  <datafield tag="300" ind1=" " ind2=" ">
    <subfield code="a">1 recurso en l&#xED;nea (50 p&#xE1;ginas);</subfield>
    <subfield code="b">figuras, cuadros.</subfield>
  </datafield>
  <datafield tag="336" ind1=" " ind2=" ">
    <subfield code="2">rdacontent</subfield>
    <subfield code="a">texto</subfield>
    <subfield code="b">txt</subfield>
  </datafield>
  <datafield tag="337" ind1=" " ind2=" ">
    <subfield code="2">rdamedia</subfield>
    <subfield code="a">computadora</subfield>
    <subfield code="b">c</subfield>
  </datafield>
  <datafield tag="338" ind1=" " ind2=" ">
    <subfield code="2">rdacarrier</subfield>
    <subfield code="a">recurso en l&#xED;nea</subfield>
    <subfield code="b">cr</subfield>
  </datafield>
  <datafield tag="502" ind1=" " ind2=" ">
    <subfield code="b">IAEZT</subfield>
    <subfield code="c">URUSSE</subfield>
    <subfield code="d">2024.</subfield>
    <subfield code="g">LIC</subfield>
  </datafield>
  <datafield tag="504" ind1=" " ind2=" ">
    <subfield code="a">Incluye referencias bibliogr&#xE1;ficas: p&#xE1;ginas 39-43.</subfield>
  </datafield>
  <datafield tag="520" ind1=" " ind2=" ">
    <subfield code="a">La necesidad de controlar la parasitosis en el ganado bovino es debido a que los climas c&#xE1;lidos de M&#xE9;xico, el ganado siempre est&#xE1; en contacto con los pastos y estos son la principal fuente de infecci&#xF3;n de los rumiantes. Aunque existen estudios y pruebas para su control se requiere de la atenci&#xF3;n de aspectos productivos por lo que el objetivo del estudio fue identificar las pr&#xE1;cticas que realizan los productores de bovino en la regi&#xF3;n con &#xE9;nfasis en el control de par&#xE1;sitos internos y externos y su relaci&#xF3;n con la prevalencia de par&#xE1;sitos, para ello el estudio se enfoc&#xF3; en aplicar encuestas (n=41) con productores del sureste de M&#xE9;xico (Campeche = 12, Tabasco = 14 y Chiapas= 15). Se obtuvo informaci&#xF3;n sobre el manejo general del ganado con preguntas directas. Las secciones principales correspondieron al manejo sanitario, tambi&#xE9;n se incluy&#xF3; un apartado sobre vacunaci&#xF3;n y las principales enfermedades que se conocen, adem&#xE1;s de un apartado sobre asistencia t&#xE9;cnica, as&#xED; como la breve descripci&#xF3;n de manejo de potreros, manejo reproductivo del ganado y una breve descripci&#xF3;n de maquinaria y equipo que se utiliza en las unidades de producci&#xF3;n. Se realiz&#xF3; un an&#xE1;lisis con el programa SAS (SAS, 2014) mediante estad&#xED;stica descriptiva para las diferentes secciones del cuestionario. Los resultados encontrados indican que la mayor parte de los productores no cuentan con conocimientos s&#xF3;lidos sobre el control sanitario, ya que se basan en saberes de acuerdo con la experiencia de sus antecesores y no por un especialista veterinario. Esto indica que se necesita m&#xE1;s difusi&#xF3;n de informaci&#xF3;n especializada para reducir la incidencia de par&#xE1;sitos y ayudar a que los productores tengan menores p&#xE9;rdidas por la reducci&#xF3;n de la productividad.</subfield>
  </datafield>
  <datafield tag="650" ind1=" " ind2="4">
    <subfield code="a">Ganado vacuno</subfield>
    <subfield code="x">Par&#xE1;sitos</subfield>
    <subfield code="9">45500</subfield>
  </datafield>
  <datafield tag="650" ind1=" " ind2="4">
    <subfield code="a">Ganado bovino</subfield>
    <subfield code="x">Parasitosis</subfield>
    <subfield code="9">142117</subfield>
  </datafield>
  <datafield tag="650" ind1=" " ind2="4">
    <subfield code="a">Ganado bovino</subfield>
    <subfield code="x">Aspectos sanitarios</subfield>
    <subfield code="9">190189</subfield>
  </datafield>
  <datafield tag="700" ind1="1" ind2=" ">
    <subfield code="a">Pe&#xF1;a Escalona, Fleider Leiser</subfield>
    <subfield code="9">190190</subfield>
    <subfield code="e">Director de tesis.</subfield>
  </datafield>
  <datafield tag="700" ind1="1" ind2=" ">
    <subfield code="a">Gonz&#xE1;lez Gardu&#xF1;o, Roberto</subfield>
    <subfield code="9">48938</subfield>
    <subfield code="e">Secretario.</subfield>
  </datafield>
  <datafield tag="700" ind1="1" ind2=" ">
    <subfield code="a">Cruz Tamayo, Alvar Alonso</subfield>
    <subfield code="e">Vocal.</subfield>
    <subfield code="9">190191</subfield>
  </datafield>
  <datafield tag="700" ind1="1" ind2=" ">
    <subfield code="a">Cordova P&#xE9;rez, Carmen</subfield>
    <subfield code="9">190192</subfield>
    <subfield code="e">Suplente.</subfield>
  </datafield>
  <datafield tag="700" ind1="1" ind2=" ">
    <subfield code="a">Reyes Montes, Francisco</subfield>
    <subfield code="9">96919</subfield>
    <subfield code="e">Suplente.</subfield>
  </datafield>
  <datafield tag="856" ind1=" " ind2=" ">
    <subfield code="u">http://10.13.5.2/tesis/tl/9711100-8_VAZQUEZ_HERNANDEZ_JAVIER.pdf</subfield>
    <subfield code="z">DESCARGAR PDF</subfield>
  </datafield>
  <datafield tag="942" ind1=" " ind2=" ">
    <subfield code="2">Clasificaci&#xF3;n Universidad Aut&#xF3;noma Chapingo</subfield>
    <subfield code="c">TD</subfield>
  </datafield>
  <datafield tag="999" ind1=" " ind2=" ">
    <subfield code="c">220496</subfield>
    <subfield code="d">220496</subfield>
  </datafield>
  <datafield tag="952" ind1=" " ind2=" ">
    <subfield code="0">0</subfield>
    <subfield code="1">0</subfield>
    <subfield code="2">local</subfield>
    <subfield code="4">0</subfield>
    <subfield code="5">1</subfield>
    <subfield code="7">0</subfield>
    <subfield code="8">TesDigL</subfield>
    <subfield code="a">BD</subfield>
    <subfield code="b">BD</subfield>
    <subfield code="c">E_L</subfield>
    <subfield code="d">2025-02-26</subfield>
    <subfield code="l">0</subfield>
    <subfield code="o">Tesis digital</subfield>
    <subfield code="r">2025-02-26 13:02:47</subfield>
    <subfield code="w">2025-02-26</subfield>
    <subfield code="y">TD</subfield>
  </datafield>
</record>
